000 00549nam a2200205Ia 4500
005 20250326144715.0
008 250326s9999 xx 000 0 und d
020 _a981-240-384-1
037 _aTextbook
040 _aFMSL
_beng
_cFMSL
041 _aeng
_2eng
084 _aX:89A P1;2
_qFMSL
100 _aGaither N
_9735316
245 0 _aOperations Managements
_cGaither N; Frazier G
250 _a9
260 _aSingapore
_bSingapore, Thomson
_c2003
300 _a811p
942 _cTB
_hX:89A P1;2
999 _c1304695
_d1304695